[Event "236th YMCA Winter A"]
[Site "Warsaw"]
[Date "2021.01.19"]
[Round "1"]
[White "Moskwinski, Marek"]
[Black "Ossolinski, Ziemowit"]
[Result "1/2-1/2"]
[WhiteElo "1905"]
[BlackElo "1887"]
[PlyCount "39"]
[EventDate "2021.01.21"]
[EventType "tourn"]
[EventRounds "1"]
[EventCountry "POL"]
[SourceDate "2021.01.20"]

1. Nh3 e5 2. g3 h5 3. d4 exd4 4. Qxd4 Nc6 5. Qd1 Bc5 6. Bg2 d6 7. Nd2 Bf5 8. c4
Qf6 9. Nf4 Nge7 10. h4 Nd4 11. Ne4 Bxe4 12. Bxe4 O-O-O 13. e3 Qe5 14. Bg2 Ndc6
15. Nd5 Nxd5 16. Qxd5 Qxd5 17. Bxd5 Nb4 18. Be4 Rhe8 19. Bf5+ Kb8 20. O-O $11
1/2-1/2

[Event "236th YMCA Winter A"]
[Site "Warsaw"]
[Date "2021.01.29"]
[Round "1"]
[White "Choroszej, Aleksander"]
[Black "Bujalski, Mateusz"]
[Result "1-0"]
[WhiteElo "2046"]
[BlackElo "1895"]
[PlyCount "53"]
[EventDate "2021.01.21"]
[EventType "tourn"]
[EventRounds "1"]
[EventCountry "POL"]
[SourceDate "2021.01.20"]

1. d4 Nf6 2. c4 c5 3. d5 b5 4. cxb5 a6 5. b6 d6 6. Nc3 Nbd7 7. e4 g6 8. Nf3 Bg7
9. Be2 O-O 10. O-O Qxb6 11. Nd2 Qc7 12. f4 Nb6 13. Nf3 Bb7 14. Kh1 Rad8 15. Qe1
Rfe8 16. Qh4 e6 17. dxe6 fxe6 18. e5 dxe5 19. fxe5 Nfd5 20. Ng5 h6 21. Nf7 Rd7
22. Nd6 Rxd6 23. exd6 Qxd6 24. Bxh6 Be5 25. Qe4 Kh8 26. Rf7 Nxc3 27. Qxb7 1-0

[Event "236th YMCA Winter A"]
[Site "Warsaw"]
[Date "2021.02.15"]
[Round "1"]
[White "Rzeszowski, Dominik"]
[Black "Potocki, Karol"]
[Result "1-0"]
[WhiteElo "1863"]
[BlackElo "1882"]
[PlyCount "43"]
[EventDate "2021.01.21"]
[EventType "tourn"]
[EventRounds "1"]
[EventCountry "POL"]
[SourceDate "2021.01.20"]

1. e4 e5 2. Nc3 Nf6 3. f4 d5 4. fxe5 Nxe4 5. Qf3 Nxc3 6. bxc3 Be7 7. d4 O-O 8.
Bd3 f5 9. Ne2 Be6 10. Rb1 b6 11. Nf4 Qd7 12. Bb5 Nc6 13. Be3 a6 14. Ba4 g5 15.
Nxe6 Qxe6 16. c4 Nxd4 17. Bxd4 dxc4 18. Qc6 Qf7 19. c3 Ba3 20. O-O Rae8 21. Bc2
f4 22. Be4 1-0

[Event "236th YMCA Winter A"]
[Site "Warsaw"]
[Date "2021.01.22"]
[Round "1"]
[White "Dalkowski, Rafal"]
[Black "Poniewierski, Piotr"]
[Result "1-0"]
[WhiteElo "1847"]
[BlackElo "1839"]
[PlyCount "70"]
[EventDate "2021.01.21"]
[EventType "tourn"]
[EventRounds "1"]
[EventCountry "POL"]
[SourceDate "2021.01.20"]

1. d4 d5 2. c4 c6 3. Nc3 Nf6 4. Nf3 e6 5. Bg5 dxc4 6. e4 b5 7. e5 h6 8. Bh4 g5
9. Nxg5 hxg5 10. Bxg5 Nbd7 11. g3 Qb6 12. exf6 Bb7 13. Bg2 c5 14. d5 O-O-O 15.
O-O b4 16. Na4 Qa6 17. a3 b3 18. dxe6 Bxg2 19. e7 Qc6 20. exd8=Q+ Kxd8 21. Re1
Bf3 22. Qd2 Qxa4 23. Qe3 Qc6 24. Qe8+ Kc7 25. Bf4+ Kb7 26. Re3 Bd5 27. Rd1 Nxf6
28. Qe5 Bg7 29. Qg5 Bh6 30. Re7+ Ka6 31. Qe5 Bxf4 32. Qxf4 Rd8 33. Rxf7 Bh1 34.
Qxc4+ Ka5 35. Rxa7+ Kb6 1-0

[Event "236th YMCA Winter A"]
[Site "Warsaw"]
[Date "2021.01.22"]
[Round "1"]
[White "Polak, Michal"]
[Black "Zdybel, Przemyslaw"]
[Result "1-0"]
[WhiteElo "1890"]
[BlackElo "1848"]
[PlyCount "147"]
[EventDate "2021.01.21"]
[EventType "tourn"]
[EventRounds "1"]
[EventCountry "POL"]
[SourceDate "2021.01.20"]

1. e4 c5 2. Nc3 a6 3. g3 b5 4. Bg2 Bb7 5. d3 e6 6. f4 b4 7. Na4 d5 8. exd5 Bxd5
9. Bxd5 Qxd5 10. Qf3 Nd7 11. c4 Qxf3 12. Nxf3 f6 13. Be3 Nh6 14. O-O-O Ng4 15.
Bg1 e5 16. h3 Nh6 17. fxe5 fxe5 18. Re1 Bd6 19. Ng5 Rc8 20. Rf1 Ke7 21. Be3 Rc6
22. Ne4 Nf7 23. Rf3 h6 24. g4 Nd8 25. h4 Ne6 26. Rhf1 Rf8 27. Ng3 Rxf3 28. Rxf3
Nf6 29. Nf5+ Kd7 30. Nxg7 Nf4 31. Bxf4 exf4 32. g5 hxg5 33. hxg5 Ng4 34. Nf5
Be5 35. b3 Ke6 36. Nh4 Rc8 37. Ng6 Nh2 38. Rf2 Ng4 39. Rf3 Nh2 40. Nxf4+ Kd6
41. Rf2 Ng4 42. Rf1 Rf8 43. Nb6 Bxf4+ 44. Kb1 Ne3 45. Rf3 Kc6 46. Na4 Rf5 47.
g6 Bh6 48. g7 Bxg7 49. Rxe3 Rf1+ 50. Kc2 Bd4 51. Re6+ Kb7 $11 52. Re7+ Kc6 53.
Ra7 Rf2+ 54. Kd1 Rxa2 55. Rxa6+ Kc7 56. Nxc5 Rb2 57. Ne6+ Kb7 58. Rd6 Bc3 59.
Nc5+ Kc7 60. Rd5 Kc6 61. Kc1 Rh2 62. d4 Rb2 63. Na4 Rxb3 64. Rc5+ Kd6 65. Nxc3
Rxc3+ 66. Kd2 Rh3 67. Rb5 Rh2+ 68. Kd3 Rh3+ 69. Kd2 Rh2+ 70. Kc1 Rh4 71. Rd5+
Kc6 72. Kb2 Rh1 73. Rb5 b3 74. Rxb3 1-0

[Event "236th YMCA Winter A"]
[Site "Warsaw"]
[Date "2021.01.29"]
[Round "2"]
[White "Poniewierski, Piotr"]
[Black "Polak, Michal"]
[Result "0-1"]
[WhiteElo "1839"]
[BlackElo "1890"]
[PlyCount "66"]
[EventDate "2021.01.21"]
[EventType "tourn"]
[EventRounds "1"]
[EventCountry "POL"]
[SourceDate "2021.01.20"]

1. c4 Nf6 2. g3 e5 3. Bg2 Nc6 4. Nc3 Bb4 5. Nd5 O-O 6. Nxb4 Nxb4 7. Qb3 a5 8.
Nf3 Re8 9. O-O c6 10. d3 d5 11. cxd5 cxd5 12. d4 e4 13. Ne5 Nc6 14. Nxc6 bxc6
15. Bg5 Ba6 16. Qc2 h6 17. Bf4 Nh5 18. Rfc1 Nxf4 19. gxf4 Rb8 20. e3 Bd3 21.
Qd2 Re6 22. b3 Qh4 23. h3 g5 24. Qxa5 g4 25. hxg4 Qxg4 26. f5 Kh8 27. Qc7 Rg8
28. Qg3 Qxf5 29. Qh2 Reg6 30. Kh1 Rxg2 31. Qxg2 Rxg2 32. Kxg2 Qg4+ 33. Kh2 Be2
0-1

[Event "236th YMCA Winter A"]
[Site "Warsaw"]
[Date "2021.01.28"]
[Round "2"]
[White "Potocki, Karol"]
[Black "Dalkowski, Rafal"]
[Result "0-1"]
[WhiteElo "1882"]
[BlackElo "1847"]
[PlyCount "94"]
[EventDate "2021.01.21"]
[EventType "tourn"]
[EventRounds "1"]
[EventCountry "POL"]
[SourceDate "2021.01.20"]

1. Nf3 Nf6 2. d4 c5 3. c3 Qc7 4. g3 d6 5. Bg2 g6 6. O-O Bg7 7. Re1 O-O 8. e4 e5
9. h3 Nc6 10. d5 Ne7 11. c4 Ne8 12. Nc3 f5 13. a3 Bd7 14. Bg5 Bf6 15. Be3 Qc8
16. Kh2 Bg7 17. Bg5 Nf6 18. Nd2 h6 19. Bxf6 Bxf6 20. b4 Kh7 21. Qe2 Bg5 22. Nb3
b6 23. h4 Bf6 24. bxc5 bxc5 25. Nb5 Qb8 26. Rab1 a6 27. Nc3 Qc7 28. Rb2 f4 29.
Bh3 f3 30. Qf1 g5 31. hxg5 Bxh3 32. Qxh3 Bxg5 33. Reb1 Rab8 34. Qe6 Rf6 35. Qg4
Kg6 36. Na1 h5 37. Qh3 Rxb2 38. Rxb2 Ng8 39. Nc2 Nh6 40. Kg1 Ng4 41. Qf1 Rf8
42. Ne1 Qa5 43. Nb1 Be3 44. Nd3 Bd4 45. Rb7 Qd8 46. Nd2 Qg5 47. Qd1 Nxf2 0-1

[Event "236th YMCA Winter A"]
[Site "Warsaw"]
[Date "2021.01.22"]
[Round "2"]
[White "Bujalski, Mateusz"]
[Black "Rzeszowski, Dominik"]
[Result "0-1"]
[WhiteElo "1895"]
[BlackElo "1863"]
[PlyCount "48"]
[EventDate "2021.01.21"]
[EventType "tourn"]
[EventRounds "1"]
[EventCountry "POL"]
[SourceDate "2021.01.20"]

1. e4 e5 2. Nf3 Nc6 3. Bc4 Nf6 4. d3 d5 5. exd5 Nxd5 6. O-O Bc5 7. Re1 O-O 8.
Bg5 f6 9. Be3 Bxe3 10. fxe3 Kh8 11. Nbd2 Bg4 12. Qe2 f5 13. Qf2 e4 14. Ng5 Qxg5
15. Bxd5 Nb4 16. Bb3 exd3 17. c3 Na6 18. Nf3 Qe7 19. Bc4 Nc5 20. Qf1 Rad8 21.
Rad1 Qe4 22. Nd2 Bxd1 23. Nxe4 fxe4 24. Bf7 Be2 0-1

[Event "236th YMCA Winter A"]
[Site "Warsaw"]
[Date "2021.01.26"]
[Round "2"]
[White "Ossolinski, Ziemowit"]
[Black "Choroszej, Aleksander"]
[Result "0-1"]
[WhiteElo "1887"]
[BlackElo "2046"]
[PlyCount "52"]
[EventDate "2021.01.21"]
[EventType "tourn"]
[EventRounds "1"]
[EventCountry "POL"]
[SourceDate "2021.01.20"]

1. e4 g6 2. d4 Bg7 3. h4 c5 4. Bc4 cxd4 5. c3 Qc7 6. Qb3 e6 7. Ne2 Nc6 8. Bf4
Be5 9. Bxe5 Qxe5 10. Nd2 d5 11. Bb5 dxc3 12. Nxc3 Nf6 13. Nf3 Qf4 14. exd5 exd5
15. Nxd5 Nxd5 16. Qxd5 Qb4+ 17. Kf1 O-O 18. Re1 Be6 19. Rxe6 Rad8 20. Qc4 fxe6
21. Qxe6+ Kg7 22. Bxc6 bxc6 23. Kg1 Rd1+ 24. Kh2 Qf4+ 25. Kh3 Rxh1+ 26. Nh2
Rxh2# 0-1

[Event "236th YMCA Winter A"]
[Site "Warsaw"]
[Date "2021.02.02"]
[Round "2"]
[White "Jedrusik, Adam"]
[Black "Moskwinski, Marek"]
[Result "1/2-1/2"]
[WhiteElo "1874"]
[BlackElo "1905"]
[PlyCount "93"]
[EventDate "2021.01.21"]
[EventType "tourn"]
[EventRounds "1"]
[EventCountry "POL"]
[SourceDate "2021.01.20"]

1. e4 c5 2. Nc3 Nc6 3. f4 d6 4. Bb5 Bd7 5. Nf3 g6 6. d3 Bg7 7. O-O Nd4 8. Bxd7+
Qxd7 9. Nxd4 Bxd4+ 10. Kh1 Nf6 11. Ne2 Ng4 12. Nxd4 cxd4 13. b3 Rc8 14. h3 Nf6
15. Bb2 Nh5 16. Rf2 e5 17. fxe5 dxe5 18. Ba3 Rc6 19. Qd2 f6 20. Kh2 Nf4 21.
Raf1 Kf7 22. Bc1 Rhc8 23. Qd1 Qc7 24. Bxf4 exf4 25. Kg1 g5 26. h4 h6 27. Qh5+
Kg7 28. Qg4 Kh8 29. Qf5 Qe7 30. Rc1 Rc3 31. Rd2 Kg7 32. Qd5 Rd8 33. Qf5 $11 Qd7
34. Qa5 a6 35. Re1 Rdc8 36. Ree2 Qb5 37. Qa3 R8c5 38. Qb2 gxh4 39. Rf2 Rg5 40.
Kh2 Qe5 41. Rf3 Rg3 42. Qc1 Qg5 43. Rdf2 Rg4 44. Qf1 b6 45. a4 a5 46. Qe1 Rc8
47. Qf1 $11 1/2-1/2

[Event "236th YMCA Winter A"]
[Site "Warsaw"]
[Date "2021.02.05"]
[Round "3"]
[White "Choroszej, Aleksander"]
[Black "Jedrusik, Adam"]
[Result "0-1"]
[WhiteElo "2046"]
[BlackElo "1874"]
[PlyCount "72"]
[EventDate "2021.01.21"]
[EventType "tourn"]
[EventRounds "1"]
[EventCountry "POL"]
[SourceDate "2021.01.20"]

1. d4 Nf6 2. c4 e6 3. Nc3 Bb4 4. f3 c5 5. d5 d6 6. e4 b5 7. cxb5 exd5 8. exd5
O-O 9. Bd3 Re8+ 10. Nge2 Qb6 11. a3 Ba5 12. Bc4 Nbd7 13. O-O Ne5 14. b3 Bb7 15.
Bg5 Nfd7 16. Qc2 h6 17. Bf4 Ng6 18. Bd2 Nde5 19. Ng3 Qd8 20. Rae1 a6 21. a4 Qb6
22. f4 Nd7 23. Kh1 Nf6 24. Qd3 Rxe1 25. Rxe1 axb5 26. Nxb5 Nxf4 27. Bxa5 Qxa5
28. Qf1 N6xd5 29. Nxd6 Bc6 30. Qf2 Nxg2 31. Rg1 Ngf4 32. Nge4 Rd8 33. Bxd5 Bxd5
34. Qxf4 Rxd6 35. Rf1 Qb4 36. Qxd6 Qxe4+ 0-1

[Event "236th YMCA Winter A"]
[Site "Warsaw"]
[Date "2021.02.02"]
[Round "3"]
[White "Rzeszowski, Dominik"]
[Black "Ossolinski, Ziemowit"]
[Result "0-1"]
[WhiteElo "1863"]
[BlackElo "1887"]
[PlyCount "36"]
[EventDate "2021.01.21"]
[EventType "tourn"]
[EventRounds "1"]
[EventCountry "POL"]
[SourceDate "2021.01.20"]

1. e4 e6 2. d4 d5 3. Nd2 Nf6 4. e5 Nfd7 5. c3 c5 6. f4 Nc6 7. Ndf3 Qb6 8. Ne2
cxd4 9. cxd4 Bb4+ 10. Kf2 f6 11. Be3 fxe5 12. fxe5 O-O 13. g3 Ndxe5 14. dxe5
Rxf3+ 15. Kxf3 Nxe5+ 16. Kg2 Qxe3 17. Qd4 Qf3+ 18. Kh3 Nd3 0-1

[Event "236th YMCA Winter A"]
[Site "Warsaw"]
[Date "2021.02.05"]
[Round "3"]
[White "Dalkowski, Rafal"]
[Black "Bujalski, Mateusz"]
[Result "1-0"]
[WhiteElo "1847"]
[BlackElo "1895"]
[PlyCount "77"]
[EventDate "2021.01.21"]
[EventType "tourn"]
[EventRounds "1"]
[EventCountry "POL"]
[SourceDate "2021.01.20"]

1. d4 Nf6 2. c4 c5 3. d5 e6 4. Nc3 exd5 5. cxd5 d6 6. e4 g6 7. h3 Bg7 8. Nf3
O-O 9. Bd3 a6 10. a4 Re8 11. O-O Nbd7 12. Re1 Rb8 13. Ra2 Qc7 14. b3 Ng4 15.
Rc2 Nge5 16. Nxe5 Nxe5 17. Bf1 Qb6 18. f4 Nd7 19. Bc4 Bd4+ 20. Kh1 Nf6 21. Qf3
Bd7 22. Rce2 Qc7 23. e5 dxe5 24. fxe5 Bxe5 25. d6 Qxd6 26. Ne4 Nxe4 27. Qxf7+
Kh8 28. Rxe4 Rf8 29. Rxe5 Rxf7 30. Bxf7 Kg7 31. Re7 Kf6 32. Bb2+ Kg5 33. R1e5+
Bf5 34. Bd5 h5 35. R7e6 Qd7 36. Bc1+ Kh4 37. Kh2 Bxh3 38. g3+ Kg4 39. Rg5# 1-0

[Event "236th YMCA Winter A"]
[Site "Warsaw"]
[Date "2021.02.04"]
[Round "3"]
[White "Polak, Michal"]
[Black "Potocki, Karol"]
[Result "1-0"]
[WhiteElo "1890"]
[BlackElo "1882"]
[PlyCount "135"]
[EventDate "2021.01.21"]
[EventType "tourn"]
[EventRounds "1"]
[EventCountry "POL"]
[SourceDate "2021.01.20"]

1. e4 d5 2. exd5 Nf6 3. Bb5+ Bd7 4. Bc4 g6 5. d4 Bg7 6. Nf3 Bg4 7. h3 Bc8 8.
Ne5 O-O 9. Qf3 Nbd7 10. Bb3 a5 11. c4 Nxe5 12. dxe5 Nd7 13. Bf4 Nxe5 14. Bxe5
Bxe5 15. Nc3 Qd6 16. O-O Qb4 17. Rfe1 Bd6 18. Rac1 b6 19. Qd1 Bf4 20. a3 Qd6
21. Ne4 Qd8 22. Rb1 f5 23. Nc3 Bd7 24. d6 e6 25. c5 bxc5 26. dxc7 Bxc7 27.
Bxe6+ Bxe6 28. Rxe6 Qxd1+ 29. Rxd1 Rfd8 30. Rxd8+ Bxd8 31. Na4 Rc8 32. Kf1 Kf7
33. Ra6 c4 34. Ra7+ Kg8 35. Ke2 Rb8 36. Kd2 Bb6 37. Nxb6 Rxb6 38. Kc2 Rb5 39.
f3 Rc5 40. Kc3 f4 41. Re7 g5 42. Kd4 Rc8 43. Re5 h6 44. Rxa5 Rb8 45. Kc3 Rb3+
46. Kc2 Re3 47. Rd5 Kf7 48. Rd4 Ke6 49. a4 Ke5 50. Rd8 Re2+ 51. Rd2 Re1 52. Kc3
Ra1 53. Kb4 Ra2 54. Kxc4 Rxa4+ 55. b4 Ra1 56. b5 Rc1+ 57. Kb4 Rb1+ 58. Kc5 Rc1+
59. Kb6 h5 60. Ka7 Ra1+ 61. Kb7 g4 62. hxg4 hxg4 63. fxg4 Kf6 64. b6 Kg5 65.
Kc8 Rc1+ 66. Kb8 Kxg4 67. Rb2 Kg3 68. b7 1-0

[Event "236th YMCA Winter A"]
[Site "Warsaw"]
[Date "2021.02.16"]
[Round "3"]
[White "Zdybel, Przemyslaw"]
[Black "Poniewierski, Piotr"]
[Result "1-0"]
[WhiteElo "1848"]
[BlackElo "1839"]
[PlyCount "67"]
[EventDate "2021.01.21"]
[EventType "tourn"]
[EventRounds "1"]
[EventCountry "POL"]
[SourceDate "2021.01.20"]

1. e4 c5 2. Nf3 e6 3. d4 cxd4 4. Nxd4 a6 5. c4 Nf6 6. Nc3 Qc7 7. a3 b6 8. Be3
Bb7 9. f3 Be7 10. Be2 d6 11. Rc1 Nbd7 12. O-O O-O 13. b4 Rac8 14. Qd2 Qb8 15.
Nb3 Bd8 16. Bf4 Bc7 17. Rfd1 Ne5 18. Bxe5 dxe5 19. c5 Rfd8 20. Qa2 Rxd1+ 21.
Rxd1 bxc5 22. Nxc5 Qa7 23. Kh1 Rd8 24. Rc1 Bc8 25. N3a4 Rd6 26. Qc2 Ne8 27. h3
Bd8 28. Nd3 Qe3 29. Nab2 Bd7 30. Nc4 Qd4 31. Nxd6 Qxd6 32. Nc5 Bb5 33. Bxb5
axb5 34. Nb7 1-0

[Event "236th YMCA Winter A"]
[Site "Warsaw"]
[Date "2021.02.19"]
[Round "4"]
[White "Bujalski, Mateusz"]
[Black "Polak, Michal"]
[Result "1/2-1/2"]
[WhiteElo "1895"]
[BlackElo "1890"]
[PlyCount "51"]
[EventDate "2021.01.21"]
[EventType "tourn"]
[EventRounds "1"]
[EventCountry "POL"]
[SourceDate "2021.01.20"]

1. e4 c5 2. Nc3 Nc6 3. f4 e6 4. Nf3 d5 5. Bb5 dxe4 6. Bxc6+ bxc6 7. Nxe4 Nf6 8.
Qe2 Nxe4 9. Qxe4 Qd5 10. Qa4 c4 11. O-O Qb5 12. Qxb5 cxb5 13. b3 Bc5+ 14. Kh1
O-O 15. Bb2 Rd8 16. bxc4 bxc4 17. Bc3 Bb7 18. Rab1 Be4 19. Ng5 Bxc2 20. Rb7 h6
21. Nxf7 Rdb8 22. Rc7 Bb6 23. Rd7 Ba4 24. Re7 Bc5 25. Rc7 Bb6 26. Re7 $11
1/2-1/2

[Event "236th YMCA Winter A"]
[Site "Warsaw"]
[Date "2021.02.09"]
[Round "4"]
[White "Ossolinski, Ziemowit"]
[Black "Dalkowski, Rafal"]
[Result "1/2-1/2"]
[WhiteElo "1887"]
[BlackElo "1847"]
[PlyCount "95"]
[EventDate "2021.01.21"]
[EventType "tourn"]
[EventRounds "1"]
[EventCountry "POL"]
[SourceDate "2021.01.20"]

1. e4 c5 2. Nf3 g6 3. d4 cxd4 4. Nxd4 Nf6 5. Nc3 d6 6. Be2 Nc6 7. O-O Nxd4 8.
Qxd4 Bg7 9. Be3 O-O 10. Qd2 Ng4 11. Bxg4 Bxg4 12. Bh6 Bxh6 13. Qxh6 Rc8 14. Qe3
Rc5 15. Rac1 Be6 16. f4 Bc4 17. Rf2 Qc7 18. Na4 Rc6 19. b3 b5 20. Nb2 Be6 21.
f5 Rc3 22. Qd4 Bd7 23. Nd1 Rc5 24. Ne3 Bc6 25. b4 Re5 26. Ng4 Ba8 27. Nxe5 dxe5
28. Qd3 Qc6 29. fxg6 hxg6 30. c4 bxc4 31. Rxc4 Qb6 32. Qc2 Bb7 33. a4 Qe3 34.
Qe2 Qb3 35. b5 Rd8 36. Rf1 Rd4 37. Rfc1 Kg7 38. Rxd4 exd4 39. e5 d3 40. Qd2 Be4
41. Rc7 Qxa4 42. Rxe7 Qxb5 43. Qf2 Qb1+ 44. Qf1 Qb6+ 45. Qf2 d2 46. Rxf7+ Kh6
47. Rd7 Qb1+ 48. Qf1 $11 1/2-1/2

[Event "236th YMCA Winter A"]
[Site "Warsaw"]
[Date "2021.02.12"]
[Round "4"]
[White "Jedrusik, Adam"]
[Black "Rzeszowski, Dominik"]
[Result "0-1"]
[WhiteElo "1874"]
[BlackElo "1863"]
[PlyCount "58"]
[EventDate "2021.01.21"]
[EventType "tourn"]
[EventRounds "1"]
[EventCountry "POL"]
[SourceDate "2021.01.20"]

1. e4 c5 2. Nc3 e6 3. f4 d5 4. exd5 exd5 5. Bb5+ Nc6 6. Nf3 Nf6 7. O-O Be7 8.
Ne5 Bd7 9. Bxc6 Bxc6 10. d3 O-O 11. Qf3 Qc7 12. a4 Bd6 13. Nxc6 bxc6 14. Bd2
Rab8 15. Rab1 Rfe8 16. h3 c4 17. dxc4 Qb6+ 18. Kh1 Qd4 19. Qd3 Qxd3 20. cxd3 d4
21. Nd1 Rb3 22. Rf3 Re2 23. Rf2 Rxf2 24. Nxf2 Nh5 25. Re1 f5 26. g4 Rxb2 27.
gxh5 Rxd2 28. Kg2 Bxf4 29. Rd1 Ra2 0-1

[Event "236th YMCA Winter A"]
[Site "Warsaw"]
[Date "2021.02.12"]
[Round "4"]
[White "Moskwinski, Marek"]
[Black "Choroszej, Aleksander"]
[Result "1/2-1/2"]
[WhiteElo "1905"]
[BlackElo "2046"]
[PlyCount "63"]
[EventDate "2021.01.21"]
[EventType "tourn"]
[EventRounds "1"]
[EventCountry "POL"]
[SourceDate "2021.01.20"]

1. e4 g6 2. d4 Bg7 3. Nc3 d6 4. f4 Nf6 5. Nf3 O-O 6. e5 Nfd7 7. h4 c5 8. h5
cxd4 9. hxg6 dxc3 10. gxf7+ Rxf7 11. Bc4 e6 12. Ng5 Nxe5 13. Qh5 h6 14. fxe5
hxg5 15. Qh7+ Kf8 16. Qh8+ Bxh8 17. Rxh8+ Kg7 18. Rxd8 Nc6 19. Rxd6 Nxe5 20.
Bd3 Rc7 21. bxc3 Nf7 22. Rd4 e5 23. Rc4 Rxc4 24. Bxc4 Bf5 25. Bxf7 Kxf7 26.
Bxg5 Rg8 27. Be3 Rxg2 28. Bxa7 Rxc2 29. Rb1 Be4 30. Bb8 Ke6 31. Rb5 Bd5 32. Rc5
$11 1/2-1/2

[Event "236th YMCA Winter A"]
[Site "Warsaw"]
[Date "2021.02.19"]
[Round "5"]
[White "Rzeszowski, Dominik"]
[Black "Moskwinski, Marek"]
[Result "1/2-1/2"]
[WhiteElo "1863"]
[BlackElo "1905"]
[PlyCount "100"]
[EventDate "2021.01.21"]
[EventType "tourn"]
[EventRounds "1"]
[EventCountry "POL"]
[SourceDate "2021.01.20"]

1. e4 e5 2. Nc3 Nf6 3. f4 d5 4. fxe5 Nxe4 5. Qf3 Nxc3 6. bxc3 Be7 7. d4 c5 8.
Bb5+ Nc6 9. Bxc6+ bxc6 10. Ne2 O-O 11. O-O f6 12. Qg3 Qd7 13. exf6 Bxf6 14. Ba3
Ba6 15. Rf2 Be7 16. Nf4 cxd4 17. cxd4 Rae8 18. Bxe7 Qxe7 19. Nd3 Rxf2 20. Qxf2
Bxd3 21. cxd3 Qe2 22. Rf1 Qxf2+ 23. Rxf2 Re1+ 24. Rf1 Re3 25. Rd1 Re2 26. Rc1
Rxa2 27. Rxc6 Ra4 28. Kf2 Rxd4 29. Ra6 Rxd3 30. Rxa7 Rd2+ 31. Kf3 h6 32. Rd7
Kh7 33. Rd6 h5 34. h4 g6 35. Rd7+ Kh6 36. g3 Rd4 37. Ke3 Re4+ 38. Kf3 Re5 39.
Kf4 Rf5+ 40. Ke3 g5 41. Rd6+ Kg7 42. hxg5 Rxg5 43. Kf4 Rg4+ 44. Kf3 d4 45. Rd5
$11 Kg6 46. Rd6+ Kf7 47. Rd5 Ke6 48. Rxh5 Rg8 49. Ke4 Rd8 50. Rh6+ Kf7 $11
1/2-1/2

[Event "236th YMCA Winter A"]
[Site "Warsaw"]
[Date "2021.02.19"]
[Round "5"]
[White "Dalkowski, Rafal"]
[Black "Jedrusik, Adam"]
[Result "1-0"]
[WhiteElo "1847"]
[BlackElo "1874"]
[PlyCount "86"]
[EventDate "2021.01.21"]
[EventType "tourn"]
[EventRounds "1"]
[EventCountry "POL"]
[SourceDate "2021.01.20"]

1. d4 Nf6 2. c4 e6 3. Nf3 Bb4+ 4. Bd2 a5 5. Qc2 Bxd2+ 6. Nbxd2 d6 7. e3 Nc6 8.
a3 O-O 9. Bd3 a4 10. O-O e5 11. h3 Re8 12. Rad1 h6 13. Ne4 Ra5 14. Rfe1 Bd7 15.
Re2 Qe7 16. Nxf6+ Qxf6 17. Be4 Qe7 18. Qc3 b6 19. dxe5 Nxe5 20. Bd5 Ng6 21. Nd4
Rc5 22. b4 axb3 23. Nxb3 Ba4 24. Nxc5 Bxd1 25. Rd2 Bh5 26. Nd3 Qg5 27. g4 Bxg4
28. hxg4 Qxg4+ 29. Kf1 Nh4 30. Qd4 Qh3+ 31. Ke2 Nf5 32. Qc3 Qg4+ 33. Kf1 Re5
34. Ne1 h5 35. Bf3 Qh3+ 36. Bg2 Qg4 37. Nf3 Rc5 38. Nd4 b5 39. Nxf5 Qxf5 40. e4
Qg4 41. Qf3 Rxc4 42. Ke2 Rxe4+ 43. Kf1 $11 Qe6 1-0

[Event "236th YMCA Winter A"]
[Site "Warsaw"]
[Date "2021.02.16"]
[Round "5"]
[White "Polak, Michal"]
[Black "Ossolinski, Ziemowit"]
[Result "1/2-1/2"]
[WhiteElo "1890"]
[BlackElo "1887"]
[PlyCount "50"]
[EventDate "2021.01.21"]
[EventType "tourn"]
[EventRounds "1"]
[EventCountry "POL"]
[SourceDate "2021.01.20"]

1. e4 e5 2. Nf3 Nc6 3. Bb5 a6 4. Ba4 Nf6 5. O-O d6 6. d4 b5 7. dxe5 dxe5 8.
Qxd8+ Nxd8 9. Bb3 Bd6 10. a4 Bb7 11. axb5 axb5 12. Rxa8 Bxa8 13. Nc3 b4 14. Nd5
Nxe4 15. Nxe5 Bxd5 16. Bxd5 Nf6 17. Bb3 Bxe5 18. Re1 Nd7 19. f4 f6 20. fxe5
Nxe5 21. Bf4 Ndc6 22. Ba4 Kd8 23. Re4 Kc8 24. Bxe5 Nxe5 25. Rxb4 Rd8 1/2-1/2

[Event "236th YMCA Winter A"]
[Site "Warsaw"]
[Date "2021.02.12"]
[Round "5"]
[White "Zdybel, Przemyslaw"]
[Black "Bujalski, Mateusz"]
[Result "1-0"]
[WhiteElo "1848"]
[BlackElo "1895"]
[PlyCount "53"]
[EventDate "2021.01.21"]
[EventType "tourn"]
[EventRounds "1"]
[EventCountry "POL"]
[SourceDate "2021.01.20"]

1. e4 c6 2. Nf3 d5 3. Nc3 Nf6 4. e5 Nfd7 5. e6 fxe6 6. d4 Nf6 7. Bd3 Na6 8. Ne5
Nb4 9. g4 Nxd3+ 10. Qxd3 Qb6 11. g5 Nd7 12. Bf4 g6 13. Nxd7 Bxd7 14. Be5 Rg8
15. Qh3 Bg7 16. Qxh7 Kf8 17. O-O-O Bxe5 18. dxe5 Qb4 19. Ne2 Qg4 20. Rd4 Qxg5+
21. Rf4+ Qxf4+ 22. Nxf4 Rg7 23. Qh8+ Rg8 24. Qh3 Kf7 25. Rg1 Raf8 26. Nxg6 Ke8
27. Qh7 1-0

[Event "236th YMCA Winter A"]
[Site "Warsaw"]
[Date "2021.02.19"]
[Round "5"]
[White "Poniewierski, Piotr"]
[Black "Potocki, Karol"]
[Result "1/2-1/2"]
[WhiteElo "1839"]
[BlackElo "1882"]
[PlyCount "46"]
[EventDate "2021.01.21"]
[EventType "tourn"]
[EventRounds "1"]
[EventCountry "POL"]
[SourceDate "2021.01.20"]

1. Nf3 d5 2. d4 Nf6 3. g3 e6 4. Bg2 Be7 5. c4 O-O 6. O-O dxc4 7. Qc2 a6 8. a4
Bd7 9. Ne5 Bc6 10. Nxc6 Nxc6 11. e3 Na5 12. Nd2 c5 13. Nxc4 Nxc4 14. Qxc4 b5
15. axb5 axb5 16. Rxa8 bxc4 17. Rxd8 Rxd8 18. Rd1 cxd4 19. Rxd4 Rxd4 20. exd4
Nd5 21. Bd2 Bf6 22. Bc3 Nxc3 23. bxc3 Bd8 $11 1/2-1/2

[Event "236th YMCA Winter A"]
[Site "Warsaw"]
[Date "2021.02.26"]
[Round "6"]
[White "Bujalski, Mateusz"]
[Black "Poniewierski, Piotr"]
[Result "1-0"]
[WhiteElo "1895"]
[BlackElo "1839"]
[PlyCount "55"]
[EventDate "2021.01.21"]
[EventType "tourn"]
[EventRounds "1"]
[EventCountry "POL"]
[SourceDate "2021.01.20"]

1. d4 d5 2. Nf3 Nf6 3. e3 c6 4. Bd3 Bg4 5. Nbd2 e6 6. O-O Bd6 7. b3 O-O 8. Bb2
Nbd7 9. Qb1 Qe7 10. Ne5 Bh5 11. c4 Bg6 12. f4 c5 13. Ndf3 cxd4 14. exd4 Bxd3
15. Qxd3 Ba3 16. Bc3 Bb4 17. Nxd7 Nxd7 18. Bxb4 Qxb4 19. c5 Qa5 20. b4 Qc7 21.
f5 Rae8 22. Rae1 Nf6 23. Ne5 Ne4 24. f6 gxf6 25. Rxe4 fxe5 26. Rg4+ Kh8 27.
Qxh7+ Kxh7 28. Rf3 1-0

[Event "236th YMCA Winter A"]
[Site "Warsaw"]
[Date "2021.02.23"]
[Round "6"]
[White "Ossolinski, Ziemowit"]
[Black "Zdybel, Przemyslaw"]
[Result "1/2-1/2"]
[WhiteElo "1887"]
[BlackElo "1848"]
[PlyCount "93"]
[EventDate "2021.01.21"]
[EventType "tourn"]
[EventRounds "1"]
[EventCountry "POL"]
[SourceDate "2021.01.20"]

1. c4 Nf6 2. g3 g6 3. Bg2 Bg7 4. Nc3 e5 5. e3 O-O 6. Nge2 Nc6 7. d4 d6 8. O-O
exd4 9. exd4 Bf5 10. Bg5 h6 11. Be3 Nb4 12. Rc1 Rb8 13. h3 c6 14. a3 Na6 15. b4
Nc7 16. d5 a5 17. Ba7 Ra8 18. Bb6 axb4 19. axb4 Ra6 20. Bxc7 Qxc7 21. dxc6 bxc6
22. Nb5 Qe7 23. Nxd6 Rd8 24. c5 Be4 25. Nd4 Bxg2 26. Kxg2 Rb8 27. Qd3 Qa7 28.
Rb1 Nd7 29. Qe4 Ne5 30. Nf3 f5 31. Qe3 Ra3 32. Rb3 Rxb3 33. Qxb3+ Kh7 34. Nxe5
Bxe5 35. Re1 Bg7 36. Qc4 Qd7 37. Re3 Rf8 38. Qe6 Qxe6 39. Rxe6 Rb8 40. Re7 Kg8
41. Rc7 Rxb4 42. Rxc6 Bd4 43. Rc8+ Kg7 44. c6 Rb2 45. c7 Rxf2+ 46. Kh1 Rf1+ 47.
Kh2 1/2-1/2